Con la cabeza en otra parte /

Guardado en:
Autor Principal: Bouchard, André
Otros Autores: Blake, Quentin; il. Rimbau, Núria; trad.
Formato: Libro
Publicado: Buenos Aires : Continente, 2013
Materias:
Etiquetas: Agregar Etiqueta
Sin Etiquetas, Sea el primero en etiquetar este registro!
LEADER 00814nam a22002415a 4500
001 CEM.cems015557
005 20191213154244.0
008 130507s2013##################000#0#####d
003 CEMS
020 |a 9789507543739 
082 0 4 |a 843.9 
100 1 |a Bouchard, André 
245 1 0 |a Con la cabeza en otra parte /  |c André Bouchard ; ilustrado Por Quentin Blake ; traducido Por Núria Rimbau 
260 |a Buenos Aires :  |b Continente,  |c 2013 
300 |a 32 p. 
500 |a Título original: La tête ailleurs 
653 |a Literatura 
653 |a Literatura francesa 
653 |a Literatura infantil 
653 |a Cuentos infantiles 
653 |a Colección ciencias de la educación 
700 1 |a Blake, Quentin; il. Rimbau, Núria; trad. 
859 |a CEMS  |b BIB. CEMS - Ccias. Educacion  |h 843.9  |i B660  |k CE  |p 28808.19  |t Ej.1